000 00778nam a2200253 i 4500
001 17612
003 ES-MaACL
005 20250727015753.0
007 t|
008 010409s2001 sp ||||1| spa d
020 _a84-95481-18-9
080 _a929 Isabel (460) II
080 _a946.0"1843/1868"
100 1 _aCliment, Francisco.
_939254
245 1 3 _aEl trono vacío
_b: la caida de Isabel II vista por sus contemporáneos /
_cFrancisco Climent.
260 _aMadrid :
_bBrand,
_c[2001]
300 _a318 p. ;
_c21 cm.
490 1 _aEnsayo
600 0 4 _aIsabel
_bII,
_cReina de España
_965524
651 4 _aEspaña-
_xHistoria-
_z1843-1868, Isabel II
_98256
830 0 _aEnsayo
_9177699
852 _aES-MaACL
_jL-24462
_bR.129903
999 _c17612
_d17612